000 00346 a2200157 4500
001 59764
020 _a9783551555359
040 _cAnchieta - Pituba
100 _aChancellor, Herry
240 1 0 _aTom Scatterhorn
_lpor
245 1 0 _aTom Scatterhorn
300 _a521
362 0 _a2008
650 4 _aLiteratura juvenil em alemão
942 _cBK
999 _c59764
_d59764